000 00289nam a2200121Ia 4500
008 190216s9999||||xx |||||||||||||| ||und||
100 _aSundaram B V
245 0 _aFacets Of English Prose
260 _bMacmillan India Ltd
_c1979
300 _a212p
650 _aEnglish Prose
942 _cBK
999 _c12976
_d12976